[Event "Goiania-ch Etapa 03"]
[Site "Goiania"]
[Date "2016.08.28"]
[Round "6.9"]
[White "Barbosa, Frederick Borges"]
[Black "Mello, Ugo Francisco Schia"]
[Result "1/2-1/2"]
[WhiteElo "1807"]
[BlackElo "1495"]
[PlyCount "55"]
[EventDate "2016.08.26"]
[EventType "swiss"]
[EventRounds "6"]
[EventCountry "BRA"]
[SourceTitle "EXT 2022"]
[Source "ChessBase"]
[SourceDate "2021.10.06"]
[SourceVersion "1"]
[SourceVersionDate "2021.10.06"]
[SourceQuality "1"]

1. e4 c5 2. Nf3 d6 3. d4 cxd4 4. Nxd4 Nf6 5. Nc3 g6 6. f3 Bg7 7. Be3 Bd7 8. Qd2 0-0 9. Bc4 Nc6 10. 0-0-0 Rc8 11. Bb3 Ne5 12. h4 h5 13. Rdg1 Nc4 14. Bxc4 Rxc4 15. Nd1 Qc7 16. Nf2 Rc8 17. c3 b5 18. g4 b4 19. Ne2 bxc3 20. Nxc3 Qa5 21. Kd1 Nxg4 22. fxg4 Bxc3 23. bxc3 Ba4+ 24. Ke1 Rxc3 25. Kf1 Rc1+ 26. Qxc1 Rxc1+ 27. Bxc1 Bb5+ 28. Kg2 1/2-1/2

[Event "Goiania Goias Cup"]
[Site "Goiania"]
[Date "2015.09.26"]
[Round "3"]
[White "Mello, Ugo Francisco Schia"]
[Black "Bocca, Edson Ricardo"]
[Result "1-0"]
[WhiteElo "1447"]
[BlackElo "1618"]
[PlyCount "117"]
[EventDate "2015.09.25"]
[EventType "swiss"]
[EventRounds "6"]
[EventCountry "BRA"]
[SourceTitle "EXT 2016"]
[Source "ChessBase"]
[SourceDate "2015.10.08"]
[SourceVersion "1"]
[SourceVersionDate "2015.10.08"]
[SourceQuality "1"]

1. e4 e5 2. Nf3 Nc6 3. Bb5 Bd6 4. 0-0 Nf6 5. Re1 0-0 6. c3 a6 7. Ba4 h6 8. d4 Nh7 9. Nbd2 b5 10. Bb3 Kh8 11. Nf1 Bb7 12. Ng3 exd4 13. cxd4 Bxg3 14. hxg3 d6 15. Bf4 Nf6 16. d5 Ne7 17. Rc1 Nd7 18. a4 b4 19. Bxh6 gxh6 20. Qd4+ f6 21. Qxb4 Nc5 22. Nd4 Bc8 23. Bc2 Qe8 24. f3 Bd7 25. b3 Ng6 26. Nf5 Ne5 27. Qd2 Qg6 28. Red1 Bxf5 29. exf5 Qxg3 30. Qxh6+ Kg8 31. Qh5 Rf7 32. f4 Rg7 33. Qe2 Nf3+ 34. Kf1 Rh7 35. Qxf3 Rh1+ 36. Ke2 Re8+ 37. Kd2 Rxd1+ 38. Rxd1 Qxf3 39. gxf3 Kf7 40. b4 Nd7 41. a5 Rh8 42. Ba4 Ke7 43. Re1+ Kd8 44. Bxd7 Kxd7 45. Re6 Rh2+ 46. Kd3 Rb2 47. Rxf6 Rxb4 48. Ke3 Rb5 49. Rf7+ Kd8 50. Ke4 Rxa5 51. f6 Ra1 52. Rf8+ Kd7 53. Ra8 Re1+ 54. Kf5 Re8 55. Rxa6 Rc8 56. Kg6 c5 57. dxc6+ Ke6 58. f5+ Ke5 59. f7 1-0

[Event "Goiania Goias Cup"]
[Site "Goiania"]
[Date "2015.09.25"]
[Round "2"]
[White "De Moura, Valderi Nascimento"]
[Black "Mello, Ugo Francisco Schia"]
[Result "1-0"]
[WhiteElo "1749"]
[BlackElo "1447"]
[PlyCount "45"]
[EventDate "2015.09.25"]
[EventType "swiss"]
[EventRounds "6"]
[EventCountry "BRA"]
[SourceTitle "EXT 2016"]
[Source "ChessBase"]
[SourceDate "2015.10.08"]
[SourceVersion "1"]
[SourceVersionDate "2015.10.08"]
[SourceQuality "1"]

1. e4 c5 2. Nf3 d6 3. Bc4 Nc6 4. a3 Nf6 5. d3 g6 6. Ng5 d5 7. exd5 Nxd5 8. Nxf7 Kxf7 9. Qf3+ Kg7 10. Bxd5 e6 11. Bxc6 bxc6 12. Qxc6 Bd7 13. Qb7 Be7 14. 0-0 Rf8 15. Nd2 a5 16. Nc4 Rb8 17. Qe4 Bc8 18. Qe5+ Bf6 19. Qxb8 Bd4 20. Nd6 Qf6 21. Qc7+ Kg8 22. Bh6 Bxf2+ 23. Kh1 1-0